| 000 | 00492nam a2200169Ia 4500 | ||
|---|---|---|---|
| 008 | 230718s9999 xx 000 0 und d | ||
| 020 | _a9781439144633 | ||
| 041 | _aeng | ||
| 082 |
_a658.8'1 _bJOL |
||
| 100 |
_aJolles R.L. _9117371 |
||
| 245 |
_aCustomer Centered Selling: _bSales Techniques For A New World Economy |
||
| 260 |
_c2009 _bFree Press |
||
| 300 | _a362 | ||
| 365 |
_cRs. _b528.00 |
||
| 700 |
_aJolles R.L. _9117371 |
||
| 906 |
_dO:0085605-Jun-2010B:408703-May-2010 _cMGMT _b105.6 |
||
| 999 |
_c325005 _d325005 |
||